000 00576nam a2200193Ia 4500
005 20260114185822.0
008 008 260114s9999 xx 000 0 eng d
020 _a9781501304453
037 _aEBOOK
040 _aCRL
_beng
_cCRL
041 _aeng
_2eng
084 _qCRL
100 _aRebecca Williams
_9874783
245 0 _aPost-Object Fandom Television, Identity and Self-narrative
260 _bBloomsbury
_c2015
856 _uhttps://doi.org/10.5040/9781501304453?locatt=label:secondary_bloomsburyCollections
942 _cEBOOK
999 _c1473717
_d1473717